000 00869nam a2200253 a 4500
001 BRCA_8759
005 20190320210409.0
008 150317s2016----mx-#######---#000-0#spa-#
020 _a9786070283895 (Obra completa)
020 _a9786070285042 (Anotaciones)
041 _aspa
044 _amx
050 4 _aPQ6352
_b.B69 2016
100 1 _aBowle, John
_d1725-1788
_921812
245 1 0 _aAnotaciones a la historia de Don Quixote de la Mancha
_cJohn Bowle ; prólogo Ludovik Osterc.
260 _aMéxico
_bUNAM
_c2016
300 _a1 v. (en varias paginaciones)
_c19 cm.
440 0 _aNuestros clásicos
_pNueva época
_v107
_921813
600 1 4 _aCervantes Saavedra, Miguel de
_d1547-1616
_tDon Quijote de la Mancha
_921814
700 1 _aOsterc, Ludovik
_epról.
_921815
740 0 _aEl Ingenioso Hidalgo Don Quijote de la Mancha
902 _aCERV
942 _2lcc
_cB
999 _c8410
_d8410